000 00759nam a2200181 a 4500
008 160510s2014 ||||||||||||||||| || u
020 _a9781471807916
050 _aTX 910 Cou
100 _aCousins, John
245 1 0 _aFood and beverage service for levels 1 and 2
_cBy John Cousins, Dennis Lillcrap and Suzanne Weekes
260 _aLondon:
_bHodder Education
_c2014
300 _axx, 362p.: ill.
350 _a25.74
650 _aBEVERAGE INDUSTRY--SINGAPORE--PERIODICALS
650 _aFOOD INDUSTRY AND TRADE--SINGAPORE--PERIODICALS
650 _aSERVICE INDUSTRIES--SINGAPORE--PERIODICALS
995 _FCBU-MAIN LIBRARY (Kitwe)
_I25.74
_M1
_UAVAILABLE
_WMay 12, 2016
_ZMain Library Open Access Collection
999 _c43671
_d43671